Statistics for AFL Coleman Medalist

Click here to take the quiz!

General Stats

  • This quiz has been taken 387 times
    (376 since last reset)
  • The average score is 8 of 16

Answer Stats

Hint Answer % Correct
2011Lance Franklin
86%
2008Lance Franklin
86%
2012Jack Riewoldt
73%
2009Brendan Fevola
57%
2006Brendan Fevola
57%
2003Matthew Lloyd
54%
2001Matthew Lloyd
54%
2000Matthew Lloyd
54%
1998Tony Lockett
47%
2010Jack Riewoldt
41%
2007Jonathan Brown
36%
2005Fraser Gehrig
34%
2004Fraser Gehrig
34%
1997Tony Modra
28%
2002David Neitz
18%
1999Scott Cummings
16%

Score Distribution

Percentile by Number Answered

Percent of People with Each Score

Your Score History

You have not taken this quiz since the last reset